02040cam a2200505 i 4500999001500000001000900015003000400024005001700028008004100045010001700086020002400103020001500127020002400142020001500166025002700181035002400208035002200232037005300254040004600307042002100353050002400374082002400398100003800422245016100460250001200621264005000633300006500683336002600748337002800774338002700802490004500829504005700874630005200931630003600983630004601019650003801065650002201103650006401125650004801189655006201237830004601299906004501345942001201390952013201402 c8201d820120796441OSt20190923114420.0180510s2019 ii a b 000 0 eng d a 2018320453 a9789351482901q(HB) a9351482901 a9789351482918q(PB) a935148291X aI-E-2018320453 ; 13-91 a(OCoLC)on1059556218 a(OCoLC)1059556218 bLibrary of Congress -- New Delhi Overseas Office aDKAGEbengerdacDKAGEdOCLCOdOCLCFdDLC alccopycatalcode00aBS1192.6b.C48 201904a223.206223bC564K 1 aChuzho, Husazulu,d1979-eauthor.10aKingship in the enthronement psalms :ba historical literary analysis of the kingship metaphor and its implications for Israel's worship /cHusazulu Chuzho. aIst ed. 1aNew Delhi :bChristian World Imprints,c2019. axxii, 278 pages :billustrations (black and white) ;c24 cm. atextbtxt2rdacontent aunmediatedbn2rdamedia avolumebnc2rdacarrier1 aBiblical hermeneutics rediscovered ;v17 aIncludes bibliographical references (pages 259-278).00aBible.pPsalmsxCriticism, interpretation, etc.00aBible.pPsalmsxLiturgical use.07aBible.pPsalms.2fast0(OCoLC)fst01808097 0aGodxKingshipxBiblical teaching. 0aJudaismxLiturgy. 7aGodxKingshipxBiblical teaching.2fast0(OCoLC)fst00944069 7aJudaismxLiturgy.2fast0(OCoLC)fst00984346 7aCriticism, interpretation, etc.2fast0(OCoLC)fst01411635 0aBiblical hermeneutics rediscovered ;v17. a7bcbcccopycatd3encipf20gy-gencatlg 2ddccBK 00102ddc40708NFICaHMCbHMCd2019-09-23g1200.00l1o223.206 C564Kp009307r2024-10-31 10:02:07s2024-07-02w2019-09-23yBK